Censos económicos 2004 (Record no. 92812)
[ view plain ]
| 000 -CABECERA | |
|---|---|
| campo de control de longitud fija | 02681nam a22004817a 4500 |
| 003 - IDENTIFICADOR DEL NÚMERO DE CONTROL | |
| campo de control | CHAP |
| 005 - FECHA Y HORA DE LA ÚLTIMA TRANSACCIÓN | |
| campo de control | 20220817044127.0 |
| 008 - DATOS DE LONGITUD FIJA--INFORMACIÓN GENERAL | |
| campo de control de longitud fija | 060929d2006 mx d rs 00110 spa d |
| 010 ## - NÚMERO DE CONTROL DE LA BIBLIOTECA DEL CONGRESO | |
| Número de control de LC | 92812 |
| 011 ## - ENLACE DEL NUMERO DE CONTROL DE LA BIBLIOTECA DEL CONGRESO [OBSOLETO] | |
| Número de control de LC | 93784 |
| 020 ## - NÚMERO INTERNACIONAL ESTÁNDAR DEL LIBRO | |
| Número Internacional Estándar del Libro | 9701346971 |
| 035 ## - NÚMERO DE CONTROL DEL SISTEMA | |
| Número de control de sistema | 104365 |
| 040 ## - FUENTE DE LA CATALOGACIÓN | |
| Centro/agencia transcriptor | CHAP |
| 082 04 - NÚMERO DE LA CLASIFICACIÓN DECIMAL DEWEY | |
| Número de clasificación | 317.2 |
| Número de documento/Ítem | I66 2004 |
| 110 2# - ENTRADA PRINCIPAL--NOMBRE DE ENTIDAD CORPORATIVA | |
| Nombre de entidad corporativa o nombre de jurisdicción como elemento de entrada | Instituto Nacional de Estadística, Geografía e Informática. México |
| 9 (RLIN) | 59304 |
| 245 10 - MENCIÓN DE TÍTULO | |
| Título | Censos económicos 2004 |
| Mención de responsabilidad, etc. | /por Instituto Nacional de Estadística, Geografía e Informática |
| 260 ## - PUBLICACIÓN, DISTRIBUCIÓN, ETC. | |
| Lugar de publicación, distribución, etc. | Aguascalientes, Ags. : |
| Nombre del editor, distribuidor, etc. | Instituto Nacional de Estadística, Geografía e Informática, |
| Fecha de publicación, distribución, etc. | 2006 |
| 300 ## - DESCRIPCIÓN FÍSICA | |
| Extensión | v. : |
| Otras características físicas | gráfs. ; cuadros ; tablas |
| 500 ## - NOTA GENERAL | |
| Nota general | La biblioteca tiene: v.1 Construcción. -- v.2 Industrias manufactureras. -- v.3 Resumen general. -- v.4 Comercio al por mayor. -- v.5 Comercio al por menor. -- v.6 Los hombres y las mujeres en las actividades económicas. -- v.7 Transportes, correos y almacenamiento. -- v.8 La industria minera ampliada. -- v.9 Panorama censal de los organismos operadores de agua en México. -- v.10 Pesca y acuicultura animal |
| 590 ## - NOTA LOCAL (RLIN) | |
| Nota local | BATCH-UPD |
| Procedencia (VM) [OBSOLETO] | 10 |
| Condición del los carretes individuales (VM) [OBSOLETO] | 20130110 |
| -- | UCH01 |
| -- | 0324 |
| 590 ## - NOTA LOCAL (RLIN) | |
| Nota local | BATCH-UPD |
| Procedencia (VM) [OBSOLETO] | 10 |
| Condición del los carretes individuales (VM) [OBSOLETO] | 20130110 |
| -- | UCH01 |
| -- | 1643 |
| 590 ## - NOTA LOCAL (RLIN) | |
| Nota local | BATCH-UPD |
| Procedencia (VM) [OBSOLETO] | 10 |
| Condición del los carretes individuales (VM) [OBSOLETO] | 20130409 |
| -- | UCH01 |
| -- | 2357 |
| 590 ## - NOTA LOCAL (RLIN) | |
| Nota local | BATCH-UPD |
| Procedencia (VM) [OBSOLETO] | 10 |
| Condición del los carretes individuales (VM) [OBSOLETO] | 20130914 |
| -- | UCH01 |
| -- | 1634 |
| 590 ## - NOTA LOCAL (RLIN) | |
| Nota local | CONVERSION |
| Procedencia (VM) [OBSOLETO] | 10 |
| Condición del los carretes individuales (VM) [OBSOLETO] | 20130109 |
| -- | UCH01 |
| -- | 1351 |
| 650 14 - PUNTO DE ACCESO ADICIONAL DE MATERIA--TÉRMINO DE MATERIA | |
| Término de materia o nombre geográfico como elemento de entrada | Industria de la construcción. |
| 9 (RLIN) | 57803 |
| 650 14 - PUNTO DE ACCESO ADICIONAL DE MATERIA--TÉRMINO DE MATERIA | |
| Término de materia o nombre geográfico como elemento de entrada | Industrias manufactureras. |
| 9 (RLIN) | 58008 |
| 650 14 - PUNTO DE ACCESO ADICIONAL DE MATERIA--TÉRMINO DE MATERIA | |
| Término de materia o nombre geográfico como elemento de entrada | México |
| Subdivisión general | Censos (2004) |
| 9 (RLIN) | 76666 |
| 650 14 - PUNTO DE ACCESO ADICIONAL DE MATERIA--TÉRMINO DE MATERIA | |
| Término de materia o nombre geográfico como elemento de entrada | México |
| Subdivisión general | Condiciones económicas. |
| 650 14 - PUNTO DE ACCESO ADICIONAL DE MATERIA--TÉRMINO DE MATERIA | |
| Término de materia o nombre geográfico como elemento de entrada | México |
| Subdivisión general | Estadísticas. |
| 9 (RLIN) | 76743 |
| 901 ## - ELEMENTOS DE DATOS A LOCAL LDA (RLIN) | |
| a | BK |
| 905 ## - ELEMENTOS DE DATOS E LOCAL, LDE (RLIN) | |
| a | Marco A. Mendoza T. |
| 942 ## - ELEMENTOS DE PUNTO DE ACCESO ADICIONAL (KOHA) | |
| Tipo de ítem Koha | Libro |
| 949 ## - PROCESAMIENTO DE INFORMACIÓN LOCAL (OCLC) | |
| a | 317.2 I66 2004 |
| b | BC |
| c | INEGI |
| d | 33724000998597 |
| e | INEGI |
| f | v.1 |
| g | DonaciØn |
| h | 108270 |
| i | 104365 |
| s | b |
| 949 ## - PROCESAMIENTO DE INFORMACIÓN LOCAL (OCLC) | |
| a | 317.2 I66 2004 |
| b | BC |
| c | INEGI |
| d | 33724000998605 |
| e | INEGI |
| f | v.2 |
| g | DonaciØn |
| h | 108271 |
| i | 104365 |
| s | b |
| 949 ## - PROCESAMIENTO DE INFORMACIÓN LOCAL (OCLC) | |
| a | 317.2 I66 2004 |
| b | BC |
| c | INEGI |
| d | 33724002005702 |
| e | INEGI |
| f | v.10 |
| g | DonaciØn |
| h | 108408 |
| i | 104365 |
| s | b |
| 949 ## - PROCESAMIENTO DE INFORMACIÓN LOCAL (OCLC) | |
| a | 317.2 I66 2004 |
| b | BC |
| c | INEGI |
| d | 33724002012644 |
| e | INEGI |
| f | v.3 |
| g | DonaciØn |
| h | 108448 |
| i | 104365 |
| s | b |
| 949 ## - PROCESAMIENTO DE INFORMACIÓN LOCAL (OCLC) | |
| a | 317.2 I66 2004 |
| b | BC |
| c | INEGI |
| d | 33724002018413 |
| e | INEGI |
| f | v.5 |
| g | DonaciØn |
| h | 108474 |
| i | 104365 |
| s | b |
| 949 ## - PROCESAMIENTO DE INFORMACIÓN LOCAL (OCLC) | |
| a | 317.2 I66 2004 |
| b | BC |
| c | INEGI |
| d | 33724002018454 |
| e | INEGI |
| f | v.4 |
| g | DonaciØn |
| h | 108473 |
| i | 104365 |
| s | b |
| 949 ## - PROCESAMIENTO DE INFORMACIÓN LOCAL (OCLC) | |
| a | 317.2 I66 2004 |
| b | BC |
| c | INEGI |
| d | 33724002018496 |
| e | INEGI |
| f | v.6 |
| g | DonaciØn |
| h | 108475 |
| i | 104365 |
| s | b |
| 949 ## - PROCESAMIENTO DE INFORMACIÓN LOCAL (OCLC) | |
| a | 317.2 I66 2004 |
| b | BC |
| c | INEGI |
| d | 33724002029603 |
| e | INEGI |
| f | v.7 |
| g | DonaciØn |
| h | 108600 |
| i | 104365 |
| s | b |
| 949 ## - PROCESAMIENTO DE INFORMACIÓN LOCAL (OCLC) | |
| a | 317.2 I66 2004 |
| b | BC |
| c | INEGI |
| d | 33724002065967 |
| e | INEGI |
| f | v.9 |
| g | DonaciØn |
| h | 109812 |
| i | 104365 |
| s | b |
| 949 ## - PROCESAMIENTO DE INFORMACIÓN LOCAL (OCLC) | |
| a | 317.2 I66 2004 |
| b | BC |
| c | INEGI |
| d | 33724002066314 |
| e | INEGI |
| f | v.8 |
| g | DonaciØn |
| h | 109618 |
| i | 104365 |
| s | b |
| Estado de retiro | Estado de pérdida | Estado dañado | Restricciones de uso | No para préstamo | Código de colección | Localización permanente | Ubicación/localización actual | Fecha de adquisición | Fuente de adquisición | Información codificada de la localización en otra ubicación | Número de inventario | Total de préstamos | Signatura topográfica completa | Código de barras | Fecha visto por última vez | Número de copia | Precio válido a partir de | Tipo de ítem Koha |
|---|---|---|---|---|---|---|---|---|---|---|---|---|---|---|---|---|---|---|
| Préstamo 3 días | Publicaciones INEGI | Biblioteca Central | Biblioteca Central | 31/12/2019 | Donacion | LIBRO | 127 | 317.2 I66 2004 | 33724000998597 | 31/12/2019 | v.1 | 31/12/2019 | Libro | |||||
| Préstamo 3 días | Publicaciones INEGI | Biblioteca Central | Biblioteca Central | 31/12/2019 | Donacion | LIBRO | 127 | 317.2 I66 2004 | 33724000998605 | 31/12/2019 | v.2 | 31/12/2019 | Libro | |||||
| Préstamo 3 días | Publicaciones INEGI | Biblioteca Central | Biblioteca Central | 31/12/2019 | Donacion | LIBRO | 127 | 317.2 I66 2004 | 33724002005702 | 31/12/2019 | v.10 | 31/12/2019 | Libro | |||||
| Préstamo 3 días | Publicaciones INEGI | Biblioteca Central | Biblioteca Central | 31/12/2019 | Donacion | LIBRO | 127 | 317.2 I66 2004 | 33724002012644 | 31/12/2019 | v.3 | 31/12/2019 | Libro | |||||
| Préstamo 3 días | Publicaciones INEGI | Biblioteca Central | Biblioteca Central | 31/12/2019 | Donacion | LIBRO | 127 | 317.2 I66 2004 | 33724002018413 | 31/12/2019 | v.5 | 31/12/2019 | Libro | |||||
| Préstamo 3 días | Publicaciones INEGI | Biblioteca Central | Biblioteca Central | 31/12/2019 | Donacion | LIBRO | 127 | 317.2 I66 2004 | 33724002018454 | 31/12/2019 | v.4 | 31/12/2019 | Libro | |||||
| Préstamo 3 días | Publicaciones INEGI | Biblioteca Central | Biblioteca Central | 31/12/2019 | Donacion | LIBRO | 127 | 317.2 I66 2004 | 33724002018496 | 31/12/2019 | v.6 | 31/12/2019 | Libro | |||||
| Préstamo 3 días | Publicaciones INEGI | Biblioteca Central | Biblioteca Central | 31/12/2019 | Donacion | LIBRO | 127 | 317.2 I66 2004 | 33724002029603 | 31/12/2019 | v.7 | 31/12/2019 | Libro | |||||
| Préstamo 3 días | Publicaciones INEGI | Biblioteca Central | Biblioteca Central | 31/12/2019 | Donacion | LIBRO | 127 | 317.2 I66 2004 | 33724002065967 | 31/12/2019 | v.9 | 31/12/2019 | Libro | |||||
| Préstamo 3 días | Publicaciones INEGI | Biblioteca Central | Biblioteca Central | 31/12/2019 | Donacion | LIBRO | 127 | 317.2 I66 2004 | 33724002066314 | 31/12/2019 | v.8 | 31/12/2019 | Libro |
